Procedimiento de diagnóstico para industrias de costura

Shranjeno v:
Bibliografske podrobnosti
Glavni avtor: Chacón Marín, Sergio
Drugi avtorji: Quiros Vargas, Roberto
Format: Knjiga
Izdano: San José, Costa Rica 1991
Teme:
Oznake: Označite
Brez oznak, prvi označite!

MARC

LEADER 00000nam a2200000Ia 4500
003 005429
005 20221231144323.0
008 140114s1992 cr a m 000 ||s d
040 |c cru CEDI 
090 |a TFG 2588 
100 |a Chacón Marín, Sergio  |9 12472 
245 |a Procedimiento de diagnóstico para industrias de costura 
260 |c 1991  |a San José, Costa Rica 
300 |a  52 hojas : ilustraciones ; 28 cm.  
500 |a  Proyecto de graduacion (licenciatura en ingenieria industrial)--Universidad de Costa Rica. Facultad de Ingeniería. Escuela de Ingenieria Industrial 
650 |x COSTURA   |x INDUSTRIA Y COMERCIO  |9 12473 
700 |9 11805  |a Quiros Vargas, Roberto 
942 |c TFG  |2 ddc 
999 |c 20116  |d 20116